Strategies for quality improvement : TQM, reengineering and ISO 9000 (Record no. 170497)

MARC details
000 -LEADER
fixed length control field 00490nam a2200157Ia 4500
008 - FIXED-LENGTH DATA ELEMENTS--GENERAL INFORMATION
fixed length control field 231217s9999 xx 000 0 und d
041 ## - LANGUAGE CODE
Language code of text/sound track or separate title English
082 ## - DEWEY DECIMAL CLASSIFICATION NUMBER
Classification number 658.568 COS;1 R
100 ## - MAIN ENTRY--PERSONAL NAME
Personal name Costin, Harry Ivan
245 #0 - TITLE STATEMENT
Title Strategies for quality improvement : TQM, reengineering and ISO 9000
250 ## - EDITION STATEMENT
Edition statement 2nd ed
260 ## - PUBLICATION, DISTRIBUTION, ETC.
Date of publication, distribution, etc. 1999
Name of publisher, distributor, etc. Harcourt Brace college
Place of publication, distribution, etc. Fort Worth
300 ## - PHYSICAL DESCRIPTION
Extent xxiii+665
650 ## - SUBJECT ADDED ENTRY--TOPICAL TERM
Topical term or geographic name entry element Strategies,quality,improvement,:,TQM,,reengineering,ISO,9000
942 ## - ADDED ENTRY ELEMENTS (KOHA)
Koha item type Books
Holdings
Date last seen Total checkouts Full call number Accession number Cost, total (INR) price Price effective from Category Lost status Damaged status Department Withdrawn status Home library Current library Shelving location Entry date Vendor Cost, normal purchase price Grants Billnumber Billdate Currency symbol Conversion rate Discount Old discount
26/01/2024   658.568 COS;1 R 24857 695.04 26/01/2024 Books     Central Library   Central Library Central Library Central Library 09/01/2004 Sai Books 17.00 MBA 236 11/04/2005 USD 48.1 2.55 15
26/01/2024   658.568 COS;2 R1 24858 695.04 26/01/2024 Books     Central Library   Central Library Central Library Central Library 09/01/2004 Sai Books 17.00 MBA 236 11/04/2005 USD 48.1 2.55 15
26/01/2024   658.568 COS;3 24859 695.04 26/01/2024 Books     Central Library   Central Library Central Library Central Library 09/01/2004 Sai Books 17.00 MBA 236 11/04/2005 USD 48.1 2.55 15

© For any Suggestions or Query, please contact the library staff @ librarian@pes.edu or Phone: +9180 2672 1983/ 2108.